Destinačný manažment v kúpeľných miestach

Destinácia cestovného ruchu. Predpoklady pre rozvoj cestovného ruchu. Kúpeľné miesto ako destinácia cestovného ruchu. Lokalizačné, realizačné a selektívne predpoklady. Realizácia destinačného manažmentu v kúpeľnom mieste. Kooperatívny manažment ako funkčné partnerstvo a spolupráca zúčastnených subje...

Ausführliche Beschreibung

Gespeichert in:
Bibliographische Detailangaben
1. Verfasser: Eliašová, Darina
Weitere Verfasser: Mrkvová, Katarína
Format: Buchkapitel
Sprache:Slowakisch
Schlagworte:
Tags: Tag hinzufügen
Keine Tags, Fügen Sie das erste Tag hinzu!

MARC

LEADER 00000naa$a2200000$$$4500
001 0215763
005 20240502083541.1
041 0 |a slo 
044 |a CZ 
245 1 0 |a Destinačný manažment v kúpeľných miestach  |c Darina Eliašová, Katarína Mrkvová 
520 |a Destinácia cestovného ruchu. Predpoklady pre rozvoj cestovného ruchu. Kúpeľné miesto ako destinácia cestovného ruchu. Lokalizačné, realizačné a selektívne predpoklady. Realizácia destinačného manažmentu v kúpeľnom mieste. Kooperatívny manažment ako funkčné partnerstvo a spolupráca zúčastnených subjektov. Organizácie destinačného manažmentu. 
610 2 0 |a ruch cestovný 
610 2 0 |a manažment destinačný 
610 2 0 |a kúpele 
610 2 0 |a marketing manažment 
610 2 0 |a organizácie 
610 2 0 |a kooperácia 
610 2 0 |a Slovensko 
100 1 |a Eliašová, Darina 
700 1 |a Mrkvová, Katarína